| 000 | 004940000a22001810004500 | ||
|---|---|---|---|
| 003 | MACL | ||
| 005 | 20151004152356.0 | ||
| 008 | 151004b xxu||||| |||| 00| 0 eng d | ||
| 040 |
_aMACL _cMACL |
||
| 041 | _aEnglish | ||
| 082 | _a910/NAK | ||
| 100 |
_aNakamura, Hajime _913191 |
||
| 245 |
_aWays Of Thinking Of Eastern People _bIndia China Tibet japan |
||
| 260 |
_bMotilal Banarsi das Publishers _c1991 _aDelhi |
||
| 350 | _a250 | ||
| 650 |
_aGeography & Travel _913727 |
||
| 942 |
_cBK _k910 _2ddc |
||
| 999 |
_c3676 _d3676 |
||